西藏自治区辖县级行政区地图 County-level administrative divisions of Xizang (Tibet) - Statistics

General Stats
  • This quiz has been taken 708 times
  • The average score is 42 of 74
Answers on the Map
Answers color-coded by a green-red scale on the quiz's map according to % correct below.
 
Answer Stats
县级类 地名 % Correct
墨脱县
84%
尼玛县
84%
市辖区 城关区
83%
噶尔县
76%
市辖区 堆龙德庆区
76%
米林县
75%
日土县
74%
错那县
74%
双湖县
73%
墨竹工卡县
72%
察隅县
70%
改则县
69%
亚东县
68%
当雄县
67%
安多县
67%
工布江达县
66%
定日县
66%
贡嘎县
66%
朗县
60%
普兰县
59%
市辖区 巴宜区
59%
市辖区 色尼区
59%
江孜县
59%
措勤县
58%
芒康县
58%
波密县
58%
浪卡子县
58%
札达县
57%
索县
57%
聂拉木县
57%
八宿县
56%
林周县
56%
比如县
56%
市辖区 桑珠孜区
56%
丁青县
55%
市辖区 达孜区
55%
曲水县
55%
左贡县
54%
琼结县
54%
类乌齐县
53%
尼木县
53%
巴青县
53%
市辖区 乃东区
53%
隆子县
53%
革吉县
52%
仲巴县
52%
市辖区 卡若区
51%
班戈县
51%
南木林县
51%
谢通门县
51%
边坝县
50%
贡觉县
50%
江达县
50%
嘉黎县
50%
聂荣县
50%
申扎县
50%
定结县
50%
拉孜县
49%
萨迦县
49%
萨嘎县
48%
察雅县
47%
岗巴县
47%
洛隆县
46%
白朗县
46%
吉隆县
46%
措美县
45%
扎囊县
45%
昂仁县
44%
康马县
44%
仁布县
42%
加查县
42%
洛扎县
41%
曲松县
41%
桑日县
41%
No matching quizzes found
Score Distribution
Percent of People with Each Score
Percentile by Number Answered
Your Score History
You have not taken this quiz